000 01130nam a22002774a 4500
001 UTEA
005 20251009122130.0
006 g||||gr||||||01 nz
007 ta
008 251009b es ||||| |||| 00| 0 spa d
020 _a978-84-47-1966-7
040 _aUTEA
041 _aspa
082 _a617.645
_bM42 2017
100 _aMendoza Mendoza, Asunción
245 _aOdontopediatría /
_c Asunción Mendoza Mendoza
_h[texto Impreso]
250 _a1ra. edición
260 _aSevilla - España
_bEditorial Universidad de Sevilla
_c2017
300 _a132 p. ;
_c24 cm.
505 _aHistoria diagnóstico y planificación del plan de tratamiento -- Anatomía dentaria -- Forma de colocación del instrumental en el carro de clínica -- Psicodrama -- Anatomía dentaria y operatoria dental en niños -- Terapia pulpar en niños -- Coronas -- Mantenedores de espacio.
650 _aPLAN DE TRATAMIENTO
_959731
650 _aCOLOCACIÓN DEL INSTRUMENTAL
_959732
650 _aPULPAR EN NIÑO
_959733
700 _aSolano Mendoza, Beatriz
_eCoautor
_959734
942 _2ddc
_cBK
_e2025-10-09
_zMag. Cecilio Flores Noa
999 _c17451
_d17451